[Event "Kieler Open 2014-A"]
[Site "Kiel"]
[Date "2014.08.07"]
[Round "8.29"]
[White "Weishäutel, Moritz"]
[Black "Scepanik, Hans-Jürgen"]
[Result "0-1"]
[WhiteElo "1849"]
[BlackElo "1958"]
[PlyCount "114"]
[EventDate "2014.??.??"]
[WhiteTeam "Erfurt"]
[BlackTeam "Kieler SG"]

1. e4 c5 2. Nf3 e6 3. d4 cxd4 4. Nxd4 a6 5. Nc3 Ne7 6. Be2 Nbc6 7. Nxc6 Nxc6 8.
O-O b5 9. Be3 Be7 10. Qd2 Qc7 11. f4 O-O 12. Rf3 Na5 13. f5 f6 14. Rh3 Bb7 15.
Qe1 Bc5 16. Qf2 Bxe3 17. Qxe3 Nc4 18. Bxc4 Qxc4 19. Rd1 exf5 20. exf5 Rae8 21.
Qf2 Bc6 22. Rdd3 Re5 23. Rh4 Qc5 24. Qxc5 Rxc5 25. Rf4 Re8 26. Kf2 Kf7 27. g4
Rce5 28. Rd1 R8e7 29. Rfd4 Re3 30. R1d3 Re1 31. Rd1 R1e5 32. Nd5 Re2+ 33. Kf1
Bxd5 34. Rxd5 Rxh2 35. Rxd7 Rxc2 36. Rxe7+ Kxe7 37. Re1+ Kd7 38. Re6 Rc6 39.
Re3 Kd6 40. Rh3 Ke5 41. Rxh7 Rc7 42. Rh8 Kf4 43. Ra8 Rc6 44. Ra7 Kxg4 45. Rxg7+
Kxf5 46. Ra7 Kf4 47. Ke2 f5 48. Kd3 Kf3 49. Kd4 f4 50. Rf7 Re6 51. b3 Re2 52.
a3 Re4+ 53. Kd5 Re3 54. Rf6 Rxb3 55. Rxa6 Ke2 56. Re6+ Kd2 57. Rf6 f3 0-1

[Event "Kieler Open 2014-A"]
[Site "Kiel"]
[Date "2014.08.07"]
[Round "8.30"]
[White "Petersen, Finn Christopher"]
[Black "Meyer, Jürgen"]
[Result "1/2-1/2"]
[WhiteElo "1616"]
[BlackElo "1955"]
[PlyCount "146"]
[EventDate "2014.??.??"]
[WhiteTeam "Doppelbauer Kiel"]
[BlackTeam "Heide"]

1. e4 e6 2. d4 d5 3. exd5 exd5 4. Bd3 c5 5. c3 Nc6 6. Nf3 c4 7. Bc2 Bd6 8. O-O
Nge7 9. Re1 O-O 10. Nbd2 Bf5 11. Nf1 Qd7 12. Ne3 Bxc2 13. Qxc2 Bf4 14. Kh1 Rfe8
15. Nf5 Bc7 16. Nxe7+ Rxe7 17. Bg5 Rxe1+ 18. Rxe1 Re8 19. Qd2 f6 20. Bh4 Kf7
21. Bg3 Rxe1+ 22. Qxe1 Bd8 23. Kg1 Qe6 24. Kf1 Qxe1+ 25. Kxe1 g5 26. Ke2 Ke6
27. h4 g4 28. Nd2 Ne7 29. f4 Nf5 30. Be1 Bc7 31. g3 Nd6 32. Ke3 b5 33. b4 cxb3
34. Nxb3 Bb6 35. Nd2 Nf5+ 36. Kd3 Kd6 37. Nf1 Ne7 38. Ne3 f5 39. a3 Ke6 40. Kc2
Nc6 41. Kb3 Bd8 42. Nc2 Be7 43. Nb4 Na5+ 44. Ka2 Nc4 45. Nc6 a5 46. Nxe7 Kxe7
47. Kb3 Kd7 48. Ka2 Kc6 49. Kb3 Kb6 50. Ka2 Nd6 51. Kb3 Ne4 52. Ka2 Nf6 53. Kb3
Ng8 54. Bd2 Ne7 55. Bc1 Nc6 56. Bb2 h6 57. Ba1 Nd8 58. Bb2 Ne6 59. Bc1 Nd8 60.
Bb2 Nc6 61. Ba1 b4 62. cxb4 axb4 63. a4 h5 64. Bb2 Ka5 65. Ba1 Na7 66. Bb2 Nc8
67. Bc1 Nb6 68. Bd2 Nxa4 69. Bxb4+ Kb5 70. Bd2 Nb6 71. Bb4 Nc4 72. Be1 Nd6 73.
Bb4 Ne4 1/2-1/2

[Event "Kieler Open 2014-A"]
[Site "Kiel"]
[Date "2014.08.07"]
[Round "8.31"]
[White "Andersen, Niels Erik"]
[Black "Wanner, Lukas"]
[Result "0-1"]
[WhiteElo "1947"]
[BlackElo "1764"]
[PlyCount "70"]
[EventDate "2014.??.??"]
[BlackTeam "Doppelbauer Kiel"]

1. d4 d5 2. c4 dxc4 3. e4 e5 4. d5 Nf6 5. Nc3 c6 6. Bxc4 b5 7. Bd3 b4 8. Nce2
cxd5 9. Bg5 d4 10. Nf3 h6 11. Bh4 Nbd7 12. Qa4 Qc7 13. Rc1 Bc5 14. Bg3 O-O 15.
O-O Nh5 16. Bxe5 Nxe5 17. Nxe5 Qxe5 18. Qc6 Bd6 19. f4 Qe7 20. e5 Bb8 21. Be4
Bg4 22. Nxd4 Bxe5 23. fxe5 Qxe5 24. Nf3 Qxb2 25. Rc2 Qa3 26. Rfc1 Qe3+ 27. Kh1
Rfe8 28. Re1 Qf4 29. Rce2 Nf6 30. Bd3 Be6 31. Bg6 Rac8 32. Rxe6 fxe6 33. Bxe8
Rxe8 34. Rxe6 Rd8 35. Re1 Ng4 0-1

[Event "Kieler Open 2014-A"]
[Site "Kiel"]
[Date "2014.08.07"]
[Round "8.32"]
[White "Van Diermen, Arie"]
[Black "Christensen, Andreas"]
[Result "1-0"]
[WhiteElo "1923"]
[BlackElo "1733"]
[PlyCount "133"]
[EventDate "2014.??.??"]
[BlackTeam "Hamburger SK"]

1. e4 e6 2. d4 d5 3. exd5 exd5 4. c4 Nf6 5. Nc3 Be7 6. Nf3 O-O 7. h3 Nc6 8. Be3
h6 9. Rc1 Bb4 10. a3 Bxc3+ 11. Rxc3 Bf5 12. c5 Re8 13. Bb5 Ne4 14. Rc1 Ng3 15.
Bxc6 bxc6 16. fxg3 Rxe3+ 17. Kf2 Rd3 18. Qa4 Qf6 19. Rc3 Re8 20. Rd1 Rxc3 21.
bxc3 Rb8 22. Rd2 Rb1 23. Qxa7 Be4 24. Qxc7 Bxf3 25. gxf3 Qe6 26. Re2 Qxh3 27.
Ke3 Qh1 28. Qc8+ Kh7 29. Qf5+ Kg8 30. Kf4 Qc1+ 31. Kg4 Rb8 32. Qf4 Qxf4+ 33.
Kxf4 Kf8 34. Ra2 Ra8 35. Ke5 Ke7 36. a4 Ra5 37. Kf4 Kf6 38. Ke3 h5 39. Kd3 g5
40. c4 dxc4+ 41. Kxc4 h4 42. gxh4 gxh4 43. d5 cxd5+ 44. Kxd5 Ra6 45. c6 Ke7 46.
Kc5 Kd8 47. Kb5 Ra8 48. Rd2+ Kc8 49. Rh2 Rb8+ 50. Kc5 Rb3 51. Rxh4 Rxf3 52. Rb4
f5 53. Kb6 Rc3 54. a5 Kb8 55. a6 f4 56. Rxf4 Rb3+ 57. Kc5 Rc3+ 58. Kd5 Ka7 59.
Rc4 Rd3+ 60. Ke4 Rd8 61. c7 Rc8 62. Kd5 Ka8 63. Kd6 Ka7 64. Kd7 Rh8 65. c8=Q
Rh7+ 66. Ke6 Rh6+ 67. Kf5 1-0

[Event "Kieler Open 2014-A"]
[Site "Kiel"]
[Date "2014.08.07"]
[Round "8.33"]
[White "Werner, René"]
[Black "Boyens, Birger"]
[Result "1/2-1/2"]
[WhiteElo "1890"]
[BlackElo "1925"]
[PlyCount "87"]
[EventDate "2014.??.??"]
[WhiteTeam "Kieler SG"]
[BlackTeam "Husum"]

1. d4 d5 2. c4 e6 3. Nc3 f5 4. Nf3 c6 5. Bf4 Nf6 6. e3 Bd6 7. Bxd6 Qxd6 8. c5
Qd8 9. b4 b6 10. Ne5 bxc5 11. dxc5 O-O 12. Ne2 Nfd7 13. Nxd7 Qxd7 14. f4 a5 15.
a3 axb4 16. axb4 Rxa1 17. Qxa1 Qb7 18. Qc3 Na6 19. Nd4 Nxb4 20. Be2 Bd7 21. O-O
Na6 22. Ra1 Nc7 23. Bd3 Ra8 24. Rb1 Qa7 25. Qb4 Na6 26. Bxa6 Qxa6 27. Qb7 Qa2
28. Rb2 Qa3 29. Kf2 Ra7 30. Qb8+ Kf7 31. Rb7 Rxb7 32. Qxb7 Ke8 33. Qb8+ Kf7 34.
Qc7 Ke8 35. Qb8+ Kf7 36. Qc7 Ke8 37. Nxc6 Qa8 38. Nb8 Bb5 39. c6 Qa2+ 40. Kg3
Qe2 41. Qd7+ Kf8 42. Qxe6 Qg4+ 43. Kf2 Qh4+ 44. Kf3 1/2-1/2

[Event "Kieler Open 2014-A"]
[Site "Kiel"]
[Date "2014.08.07"]
[Round "8.34"]
[White "Martinez-Corrales, Vladimir"]
[Black "Hartwig, Sebastian"]
[Result "1/2-1/2"]
[WhiteElo "1708"]
[BlackElo "1891"]
[PlyCount "69"]
[EventDate "2014.??.??"]
[WhiteTeam "Holsatia Kiel"]
[BlackTeam "Neustadt"]

1. d4 d5 2. Nf3 Nf6 3. Bf4 e6 4. e3 c5 5. c3 Nc6 6. Bd3 Nh5 7. Bg5 Qb6 8. Qe2
c4 9. Bxc4 dxc4 10. Ne5 Nxe5 11. dxe5 g6 12. O-O Qc6 13. Rd1 Be7 14. Bxe7 Kxe7
15. Qg4 b5 16. Na3 Bb7 17. Rd6 Qe4 18. Qxe4 Bxe4 19. Nxb5 Rab8 20. Nxa7 Rxb2
21. Nc6+ Bxc6 22. Rxc6 Ra8 23. Rd1 Raxa2 24. Rc7+ Kf8 25. Rc8+ Kg7 26. Rf1 Ra4
27. g4 Rc2 28. gxh5 Rxc3 29. hxg6 hxg6 30. Rd1 Rc2 31. Rdd8 Ra1+ 32. Kg2 Raa2
33. Kg3 Rxf2 34. h4 Rg2+ 35. Kh3 1/2-1/2

[Event "Kieler Open 2014-A"]
[Site "?"]
[Date "2014.08.07"]
[Round "8.37"]
[White "Helmich, Jörg"]
[Black "Malchau, Jochen"]
[Result "0-1"]
[WhiteElo "1749"]
[BlackElo "1664"]
[PlyCount "48"]
[EventDate "2014.??.??"]

1. e4 c6 2. d4 d5 3. exd5 cxd5 4. c4 e6 5. Nc3 Nf6 6. Bg5 Be7 7. Nf3 O-O 8. Bd3
dxc4 9. Bxc4 Nc6 10. O-O a6 11. Bxf6 Bxf6 12. d5 Na5 13. Qd3 Nxc4 14. Qxc4 Bxc3
15. bxc3 Qxd5 16. Qxd5 exd5 17. Rad1 Be6 18. Ng5 Rac8 19. Nxe6 fxe6 20. Rfe1
Rc6 21. Rd3 Rfc8 22. f4 g6 23. g4 Rf8 24. Rde3 Rxf4 0-1

1. e4 e5 2. Nf3 Nc6 3. d4 exd4 4. Nxd4 Bc5 5. Be3 Qf6 6. c3 d6 7. Be2 a6 8. O-O
Nge7 9. Nxc6 Nxc6 10. Bxc5 dxc5 11. Nd2 Qg6 12. Kh1 O-O 13. Qc2 Ne5 14. Nf3 Ng4
15. Rad1 Be6 16. a3 Rad8 17. Nd2 b5 18. Bxg4 Bxg4 19. f3 Be6 20. Nb3 Qg5 21.
Na1 f5 22. exf5 Bxf5 23. Qf2 Bd3 24. Rfe1 c4 25. Nc2 c5 26. Ne3 Rde8 27. Nf1
Rd8 28. Ng3 Bg6 29. Kg1 Rd5 30. Rxd5 Qxd5 31. Ne4 Bxe4 32. Qe3 Bg6 0-1

[Event "Kieler Open 2014-A"]
[Site "Kiel"]
[Date "2014.08.07"]
[Round "8.38"]
[White "Kowalski, Ben Wito"]
[Black "Rosenkranz, Bernd-Christian"]
[Result "0-1"]
[WhiteElo "1706"]
[BlackElo "1656"]
[PlyCount "128"]
[EventDate "2014.??.??"]
[WhiteTeam "Stade"]
[BlackTeam "Rendsburg"]

1. f4 d5 2. Nf3 Nf6 3. g3 g6 4. Bg2 Bg7 5. d3 c5 6. O-O Nc6 7. c3 O-O 8. Na3
Re8 9. Nc2 e5 10. fxe5 Nxe5 11. Bf4 Nxf3+ 12. Bxf3 Bh3 13. Bg2 Bxg2 14. Kxg2
Qb6 15. Qd2 Qe6 16. Rae1 Qc6 17. Rf3 Re6 18. b4 b6 19. Bg5 Rae8 20. Kg1 Ng4 21.
d4 h6 22. Be3 Nxe3 23. Nxe3 Re4 24. dxc5 d4 25. Nd1 bxc5 26. bxc5 Qxc5 27. Kg2
dxc3 28. Nxc3 Bxc3 29. Rxc3 Rxe2+ 30. Rxe2 Rxe2+ 31. Qxe2 Qxc3 32. Qf2 a5 33.
Kg1 a4 34. Kg2 a3 35. Kg1 Qa1+ 36. Kg2 Qb2 37. Kg1 Kg7 38. Kf1 h5 39. Kg1 g5
40. Kf1 Kg6 41. Kg1 f5 42. Qf1 h4 43. gxh4 gxh4 44. Qg2+ Qxg2+ 45. Kxg2 Kg5 46.
h3 Kf4 47. Kf2 Ke4 48. Ke2 f4 49. Kf2 f3 50. Kf1 Ke3 51. Ke1 Ke4 52. Kf1 Kd3
53. Kf2 Kc3 54. Kxf3 Kb2 55. Kg4 Kxa2 56. Kxh4 Kb3 57. Kg5 a2 58. h4 a1=Q 59.
h5 Qh8 60. h6 Kc4 61. Kg6 Kd5 62. h7 Ke6 63. Kh6 Kf6 64. Kh5 Qxh7+ 0-1

[Event "Kieler Open 2014-A"]
[Site "Kiel"]
[Date "2014.08.07"]
[Round "8.39"]
[White "Karlisch, Moritz"]
[Black "Henschen, Patrick"]
[Result "1/2-1/2"]
[WhiteElo "1602"]
[BlackElo "1667"]
[PlyCount "72"]
[EventDate "2014.??.??"]
[WhiteTeam "Doppelbauer Kiel"]
[BlackTeam "Segeberg"]

1. d4 g6 2. c4 Bg7 3. Nc3 d6 4. Nf3 Nf6 5. e4 O-O 6. Be2 e5 7. Be3 Nc6 8. d5
Ne7 9. O-O Ng4 10. Bd2 f5 11. Ne1 Nf6 12. f3 f4 13. Nd3 b6 14. b4 g5 15. Rc1 a6
16. a4 h5 17. c5 Ng6 18. Nf2 Ne8 19. cxb6 cxb6 20. b5 a5 21. Nb1 Rf7 22. Na3
Nf8 23. Nc4 Nd7 24. Rc3 Ndf6 25. Be1 Bf8 26. Nd3 Rg7 27. Bf2 Nd7 28. Qe1 g4 29.
Bh4 Be7 30. Bf2 Nef6 31. Nc1 gxf3 32. Bxf3 Ng4 33. h3 Nxf2 34. Qxf2 Bh4 35. Qc2
Nf6 36. Kh1 Bb7 1/2-1/2

[Event "Kieler Open 2014-A"]
[Site "Kiel"]
[Date "2014.08.07"]
[Round "8.40"]
[White "Gwiazda, Slawomir"]
[Black "Röhl, Manfred"]
[Result "1-0"]
[WhiteElo "1969"]
[BlackElo "1823"]
[PlyCount "53"]
[EventDate "2014.??.??"]
[BlackTeam "Bremen-Nord"]

1. d4 d5 2. c4 e6 3. Nc3 c6 4. Nf3 f5 5. Bf4 Nf6 6. e3 Nbd7 7. Be2 Ne4 8. Qc2
Be7 9. Ne5 Ndf6 10. f3 Nxc3 11. bxc3 dxc4 12. e4 fxe4 13. fxe4 O-O 14. O-O b5
15. Nxc6 Qe8 16. Nxe7+ Qxe7 17. a4 Bb7 18. Bg5 Qe8 19. Bxf6 Rxf6 20. Rxf6 gxf6
21. axb5 Qxb5 22. Rb1 Qc6 23. Bf3 e5 24. Qf2 Kh8 25. d5 Qd7 26. Be2 Ba6 27.
Qxf6+ 1-0

[Event "Kieler Open 2014-A"]
[Site "Kiel"]
[Date "2014.08.08"]
[Round "9.2"]
[White "Lanka, Zigurds"]
[Black "Stopa, Jacek"]
[Result "1/2-1/2"]
[WhiteElo "2451"]
[BlackElo "2498"]
[PlyCount "22"]
[EventDate "2014.??.??"]
[WhiteTeam "Schott Mainz"]

1. e4 e5 2. Nf3 Nc6 3. Bb5 Nf6 4. O-O Nxe4 5. d4 Nd6 6. Bxc6 dxc6 7. dxe5 Nf5
8. Qxd8+ Kxd8 9. Nc3 Ke8 10. h3 b6 11. Rd1 Ne7 1/2-1/2

[Event "Kieler Open 2014-A"]
[Site "Kiel"]
[Date "2014.08.08"]
[Round "9.3"]
[White "Kang, Chuanqi"]
[Black "Voloshin, Leonid"]
[Result "1/2-1/2"]
[WhiteElo "2302"]
[BlackElo "2403"]
[PlyCount "34"]
[EventDate "2014.??.??"]

1. e4 e5 2. Nf3 Nc6 3. Bb5 Nf6 4. d3 d6 5. c3 Bd7 6. Ba4 g6 7. Nbd2 Bg7 8. Nf1
O-O 9. Ng3 a6 10. Bc2 Qe7 11. h3 Rad8 12. Qe2 Nb8 13. O-O c5 14. a3 Nc6 15. b4
d5 16. Rb1 b5 17. Re1 d4 1/2-1/2

[Event "Kieler Open 2014-A"]
[Site "Kiel"]
[Date "2014.08.08"]
[Round "9.4"]
[White "Chetverik, Maxim"]
[Black "Koop, Thorben"]
[Result "1/2-1/2"]
[WhiteElo "2254"]
[BlackElo "2194"]
[PlyCount "90"]
[EventDate "2014.??.??"]
[BlackTeam "Lingen"]

1. d4 Nf6 2. c4 d6 3. Nf3 c6 4. Nc3 Bf5 5. Nh4 Bc8 6. e4 g6 7. Be2 Bg7 8. O-O
O-O 9. Be3 e5 10. dxe5 dxe5 11. Bc5 Qxd1 12. Rfxd1 Re8 13. Bd6 Nbd7 14. Nf3 b6
15. b4 Bb7 16. c5 Bf8 17. Rab1 Kg7 18. Bc4 Bxd6 19. cxd6 h6 20. a4 Rec8 21. Nd2
c5 22. b5 Nf8 23. a5 Rd8 24. a6 Bc8 25. Bd5 Nxd5 26. Nxd5 Ne6 27. Nc4 f6 28.
Ndxb6 axb6 29. Nxb6 Ra7 30. d7 (30. Ra1) 30... Bxa6 31. Ra1 Nc7 {(Restzeit 4.
07-11.04)} (31... Rb7 32. bxa6 (32. Rd6 $11) 32... Rxb6 33. a7 Ra8 34. d8=Q
Nxd8 $19) 32. Nc8 Rb7 {(2.50-6.51)} (32... Ra8 $11) 33. bxa6 Rb4 {(2.08-6.50)}
34. a7 Na8 35. Ne7 Rb7 {(1.03-5.42)} 36. Nc6 Rdxd7 37. Kf1 c4 {(0.28-4.42)} 38.
Rxd7+ Rxd7 39. Rc1 Nb6 {(0.15-3.58)} 40. Rxc4 Rxa7 {(Restzeit: 0.04-2.48)} 41.
Nxa7 Nxc4 42. Ke2 Nd6 43. f3 f5 44. exf5 gxf5 45. Nc6 Kf6 1/2-1/2

[Event "Kieler Open 2014-A"]
[Site "Kiel"]
[Date "2014.08.08"]
[Round "9.5"]
[White "Hofer, Emilian"]
[Black "Van Voorthuijsen, Peewee"]
[Result "0-1"]
[WhiteElo "2197"]
[BlackElo "2206"]
[PlyCount "148"]
[EventDate "2014.??.??"]
[WhiteTeam "Jedesheim"]
[BlackTeam "Amsterdam"]

1. e4 c5 2. Nf3 d6 3. d4 cxd4 4. Nxd4 Nf6 5. Nc3 Nc6 6. Bg5 e6 7. Qd2 Be7 8.
O-O-O O-O 9. f3 a6 10. h4 Nxd4 11. Qxd4 b5 12. Qd2 Bb7 13. Bd3 Rc8 14. Ne2 Qb6
15. Be3 Qc7 16. Nd4 Nd7 17. g4 Nc5 18. Be2 d5 19. e5 Na4 20. g5 b4 21. g6 fxg6
22. h5 g5 23. Bxg5 Bxg5 24. Qxg5 Rf5 25. Qg1 Qxe5 26. Bd3 Rf6 27. Kb1 Nc5 28.
h6 g6 29. Re1 Qd6 30. Qg5 Rcf8 31. Rhf1 Nd7 32. f4 e5 33. fxe5 Rxf1 34. Bxf1
Qxe5 35. Qd2 Qf4 36. Qd1 Nc5 37. Bh3 Ne4 38. Ne6 Qxh6 39. Nxf8 Qxh3 40. Nd7 Qf5
41. Qd4 Qe6 42. Kc1 (42. Nc5) 42... Qe7 43. b3 Qg7 44. Ne5 Qc7 45. Nd3 Qc3 (
45... a5) 46. Qxc3 bxc3 47. b4 g5 48. Nc5 Bc6 49. Nxe4 dxe4 50. Re3 g4 51. Rxc3
Bd7 52. Rc5 h6 53. Kd2 Kf7 54. Ke3 g3 55. Rd5 Bg4 56. c4 h5 57. b5 axb5 58.
cxb5 Bf3 59. Rc5 ({Zeitnot} 59. b6 g2 60. Rg5) 59... h4 60. b6 h3 61. b7 g2 62.
Rc1 h2 63. Kf2 g1=Q+ 64. Rxg1 e3+ 65. Kxf3 hxg1=Q 66. b8=Q Qf2+ 67. Ke4 e2 68.
Qc7+ Kg6 69. Qd6+ Kh5 70. Qe5+ Kg4 71. Qe6+ Kg3 72. Qg6+ Kh2 73. Qh5+ Kg1 74.
Qg4+ Qg2+ 0-1

[Event "Kieler Open 2014-A"]
[Site "Kiel"]
[Date "2014.08.08"]
[Round "9.7"]
[White "Rozycki, Bartlomiej"]
[Black "Simantsev, Mikhail"]
[Result "0-1"]
[WhiteElo "2128"]
[BlackElo "2448"]
[PlyCount "78"]
[EventDate "2014.??.??"]
[WhiteTeam "KS Laura Chylice"]

1. d4 Nf6 2. c4 e6 3. Nc3 c5 4. d5 exd5 5. cxd5 d6 6. e4 g6 7. f4 Bg7 8. Bb5+
Nfd7 9. a4 O-O 10. Nf3 Na6 11. O-O Nb4 12. Be3 a6 13. Be2 Re8 14. Bf2 f5 15.
exf5 gxf5 16. Ng5 Nf8 17. Bh5 Ng6 18. Qd2 Bd7 19. Bxg6 hxg6 20. Bh4 Qf6 21. Nf3
Qf7 22. Kh1 c4 23. Nb5 axb5 24. Qxb4 Qxd5 25. Rad1 Rxa4 26. Qxa4 Qxf3 27. Qb4
Qg4 28. Bg3 Bc6 29. Qxd6 Re2 30. Rg1 Rxb2 31. Rde1 Re2 32. Rxe2 Qxe2 33. Qxg6
c3 34. Bh4 c2 35. Bf6 Qg4 36. Qxg4 fxg4 37. Bg5 b4 38. f5 b3 39. f6 b2 0-1

[Event "Kieler Open 2014-A"]
[Site "Kiel"]
[Date "2014.08.08"]
[Round "9.8"]
[White "Hildenbrand, Peter"]
[Black "Haffner, Alexander"]
[Result "0-1"]
[WhiteElo "2240"]
[BlackElo "2126"]
[PlyCount "61"]
[EventDate "2014.??.??"]
[WhiteTeam "Leimen"]
[BlackTeam "Doppelbauer Kiel"]

1. e4 g6 2. d4 Bg7 3. c3 d6 4. f4 c6 5. Nf3 Bg4 6. Nbd2 Nd7 7. Bc4 e6 8. O-O
Ne7 9. Qe1 Bxf3 10. Rxf3 d5 11. exd5 cxd5 12. Bd3 O-O 13. Rh3 Nf5 14. g4 Nd6
15. Nf3 Re8 16. g5 Nf5 17. b3 Qb6 18. Ne5 Nxe5 19. fxe5 Rac8 20. Kh1 Qa5 21.
Bxf5 exf5 22. a4 Qa6 23. Qf2 Qb6 24. Qh4 h5 25. gxh6 Bf8 26. h7+ Kh8 27. Bg5
Bg7 28. Bh6 Bxh6 29. Qxh6 Qxb3 30. Qh4 Rc6 31. Qe1 {Rest nicht dokumentiert}
0-1

[Event "Kieler Open 2014-A"]
[Site "Kiel"]
[Date "2014.08.08"]
[Round "9.9"]
[White "Saglam, Bülent"]
[Black "Voelzke, Ferdinand"]
[Result "1-0"]
[WhiteElo "2097"]
[BlackElo "2170"]
[PlyCount "81"]
[EventDate "2014.??.??"]
[WhiteTeam "Doppelbauer Kiel"]
[BlackTeam "Turm Kiel"]

1. d4 Nf6 2. c4 d6 3. Nc3 Nbd7 4. e4 e5 5. Nf3 Be7 6. Be2 O-O 7. O-O c6 8. Re1
Re8 9. h3 Bf8 10. Bf1 a5 11. Qc2 b6 12. Be3 Bb7 13. dxe5 dxe5 14. Na4 Qc7 15.
Nh4 Ba6 16. f3 Rac8 17. Rac1 Qb7 18. Qf2 b5 19. Nc5 Nxc5 20. Bxc5 Bxc5 21. Qxc5
Nd7 22. Qa3 b4 23. Qxa5 Ra8 24. Nf5 Re6 25. Red1 g6 26. Nd6 Qb8 27. Nxf7 Qa7+
28. c5 Kxf7 29. Qxa6 Qxa6 30. Bxa6 Rxa6 31. Rxd7+ Re7 32. Rxe7+ Kxe7 33. Rc4
Rxa2 34. Rxb4 Kf6 35. Rb6 Kg5 36. g3 Ra1+ 37. Kg2 Rc1 38. h4+ Kh5 39. b4 h6 40.
Rxc6 g5 41. g4+ 1-0

[Event "Kieler Open 2014-A"]
[Site "Kiel"]
[Date "2014.08.08"]
[Round "9.10"]
[White "Hilbig, Dieter"]
[Black "Petri, Alexander"]
[Result "1-0"]
[WhiteElo "2020"]
[BlackElo "2164"]
[PlyCount "43"]
[EventDate "2014.??.??"]
[WhiteTeam "Gera"]
[BlackTeam "Doppelbauer Kiel"]

1. e4 c6 2. d4 g6 3. f4 Bg7 4. Nf3 d6 5. Bd3 b5 6. O-O Nf6 7. Qe1 Qb6 8. Kh1
Nfd7 9. e5 e6 10. exd6 Bxd4 11. f5 Nf8 12. Qh4 f6 13. Nxd4 g5 14. Qh5+ Kd7 15.
Qf7+ Kxd6 16. Qxf6 Rg8 17. Nc3 Nbd7 18. Qf7 Qxd4 19. Qxg8 Bb7 20. Qxg5 e5 21.
Bxb5 c5 22. Rd1 1-0

[Event "Kieler Open 2014-A"]
[Site "Kiel"]
[Date "2014.08.08"]
[Round "9.11"]
[White "Uksini, Bardhyl"]
[Black "Horn, Sven"]
[Result "1-0"]
[WhiteElo "2063"]
[BlackElo "2158"]
[PlyCount "39"]
[EventDate "2014.??.??"]
[WhiteTeam "Hamburger SK"]
[BlackTeam "Oberschöneweide"]

1. d4 b5 2. e4 Bb7 3. Bd3 a6 4. Nf3 e6 5. O-O Nf6 6. Qe2 c5 7. c3 Be7 8. a3 c4
9. Bc2 Qc7 10. e5 Nd5 11. Ng5 Bxg5 12. Bxg5 Nc6 13. Nd2 d6 14. f4 h6 15. Ne4
O-O 16. Nf6+ Nxf6 17. Bxf6 Ne7 18. Qg4 g6 19. Qh4 Qc6 20. Rf3 1-0

[Event "Kieler Open 2014-A"]
[Site "Kiel"]
[Date "2014.08.08"]
[Round "9.12"]
[White "Bente, Björn"]
[Black "Beeck, Mats"]
[Result "1/2-1/2"]
[WhiteElo "2285"]
[BlackElo "1897"]
[PlyCount "70"]
[EventDate "2014.??.??"]
[WhiteTeam "Hamburger SK"]
[BlackTeam "Doppelbauer Kiel"]

1. d4 Nf6 2. c4 e6 3. Nc3 Bb4 4. e3 O-O 5. Nge2 d5 6. a3 Bd6 7. Ng3 c6 8. Bd2
e5 9. cxd5 exd4 10. exd4 cxd5 11. Be2 Nc6 12. Be3 Re8 13. O-O Be6 14. Na4 Rc8
15. Rc1 b6 16. Bb5 Bd7 17. Ba6 Rb8 18. Nc3 Ng4 19. Be2 Nxe3 20. fxe3 Bxg3 21.
hxg3 Qg5 22. Qd2 Qxe3+ 23. Qxe3 Rxe3 24. Bb5 Be8 25. Nxd5 Nxd4 26. Bxe8 Rexe8
27. Rc7 Ne2+ 28. Kf2 Re5 29. Ne7+ Kf8 30. Nc6 Rf5+ 31. Ke1 Rxf1+ 32. Kxf1 Nxg3+
33. Kf2 Ne4+ 34. Kf3 Re8 35. Nxa7 Nd2+ 1/2-1/2

[Event "Kieler Open 2014-A"]
[Site "Kiel"]
[Date "2014.08.08"]
[Round "9.13"]
[White "Meyers, Mark"]
[Black "Neumann, Joachim"]
[Result "1/2-1/2"]
[WhiteElo "2007"]
[BlackElo "2179"]
[PlyCount "129"]
[EventDate "2014.??.??"]
[WhiteTeam "Heinsberg"]
[BlackTeam "Kieler SG"]

1. Nf3 d5 2. c4 c6 3. g3 Bg4 4. Bg2 e6 5. cxd5 Bxf3 6. Bxf3 cxd5 7. Nc3 Nf6 8.
d3 Nc6 9. O-O Be7 10. a3 O-O 11. b4 Qd7 12. Bg2 Rfc8 13. Bb2 Nd4 14. e3 Nb5 15.
Rc1 Nxc3 16. Rxc3 Rxc3 17. Bxc3 Ne8 18. e4 d4 19. Bb2 a5 20. bxa5 Rxa5 21. Qb3
Qb5 22. Qxb5 Rxb5 23. Bxd4 Bxa3 24. e5 Bc5 25. Bxc5 Rxc5 26. Bxb7 Rxe5 27. Ra1
Rc5 28. d4 Rc7 29. Be4 Nd6 30. Ra6 Ne8 31. h4 g6 32. Ra8 Kf8 33. h5 Ke7 34. Bf3
Nf6 35. hxg6 hxg6 36. Kf1 Rc4 37. Ra7+ Kf8 38. Ra8+ Kg7 39. Rd8 Nd5 40. Bxd5
Rxd4 41. Ke2 Rxd5 42. Ra8 Rb5 43. f4 Rb3 44. Kf2 f5 45. Ra6 Kf6 46. Rc6 Rd3 47.
Ra6 Ke7 48. Kg2 Rd6 49. Ra8 Kf6 50. Rf8+ Kg7 51. Ra8 Rd4 52. Kf3 Rd3+ 53. Kg2
g5 54. Ra6 Rd2+ 55. Kf1 gxf4 56. gxf4 Kf6 57. Ra3 Rd4 58. Rf3 Ke7 59. Kf2 Kd6
60. Kg3 Kd5 61. Re3 Re4 62. Ra3 Rc4 63. Re3 Re4 64. Ra3 Re1 65. Kf3 1/2-1/2

[Event "Kieler Open 2014-A"]
[Site "Kiel"]
[Date "2014.08.08"]
[Round "9.14"]
[White "Nonnenmacher, Thomas"]
[Black "Rulofs, Henrik"]
[Result "1-0"]
[WhiteElo "2174"]
[BlackElo "1776"]
[PlyCount "61"]
[EventDate "2014.??.??"]
[WhiteTeam "Pinneberg"]
[BlackTeam "Turm Kiel"]

1. c4 c5 2. g3 Nf6 3. Bg2 e6 4. d3 d6 5. Nc3 a6 6. e3 Be7 7. Nge2 O-O 8. O-O
Qc7 9. f4 Nbd7 10. h3 Rb8 11. a4 b6 12. e4 Bb7 13. b3 Bc6 14. d4 cxd4 15. Nxd4
Bb7 16. Bb2 Rbc8 17. Re1 Qb8 18. Kh2 Qa8 19. Qe2 Ne8 20. Red1 Bf6 21. a5 Nc5
22. e5 Be7 23. axb6 dxe5 24. fxe5 Rd8 25. b4 Rxd4 26. Rxd4 Nb3 27. Rd7 Bxg2 28.
Qxg2 Qxg2+ 29. Kxg2 Nxa1 30. Bxa1 Bxb4 31. b7 1-0

[Event "Kieler Open 2014-A"]
[Site "Kiel"]
[Date "2014.08.08"]
[Round "9.15"]
[White "Skogvall, Martina"]
[Black "Buchholz, Sebastian"]
[Result "0-1"]
[WhiteElo "2060"]
[BlackElo "2120"]
[PlyCount "76"]
[EventDate "2014.??.??"]
[WhiteTeam "SF Berlin"]
[BlackTeam "Doppelbauer Kiel"]

1. e4 c5 2. Nc3 a6 3. g3 b5 4. Qe2 Bb7 5. Bg2 Nc6 6. Nf3 g6 7. d3 Bg7 8. O-O e6
9. Be3 Nd4 10. Qd2 d6 11. a3 Ne7 12. Nh4 O-O 13. f4 Qc7 14. Ne2 Nxe2+ 15. Qxe2
Bxb2 16. Ra2 Bf6 17. f5 Bxh4 18. gxh4 exf5 19. Bh6 fxe4 20. Qf2 f5 21. Bxf8
Rxf8 22. dxe4 d5 23. exd5 Bxd5 24. Bxd5+ Nxd5 25. c4 Nc3 26. Rc2 Ne4 27. Qe3
Rd8 28. h5 bxc4 29. hxg6 hxg6 30. Rg2 Kg7 31. Qc1 Qf7 32. Qf4 c3 33. Re2 Qd5
34. Rxe4 fxe4 35. Qf6+ Kh7 36. Qe7+ Kg8 37. Rf6 Qg5+ 38. Kf1 Rd1+ 0-1

[Event "Kieler Open 2014-A"]
[Site "Kiel"]
[Date "2014.08.08"]
[Round "9.16"]
[White "Friebe, Martin"]
[Black "Nixdorf, André"]
[Result "1-0"]
[WhiteElo "2066"]
[BlackElo "1964"]
[PlyCount "107"]
[EventDate "2014.??.??"]
[WhiteTeam "Kieler SG"]
[BlackTeam "Norderstedt"]

1. e4 c5 2. d3 d6 3. g3 Nf6 4. Bg2 g6 5. f4 Nc6 6. Nf3 Bg7 7. c3 O-O 8. O-O Bd7
9. h3 Qc8 10. Kh2 e5 11. Na3 Nh5 12. Nc4 Qc7 13. f5 Ne7 14. g4 Nf4 15. Bxf4
exf4 16. Kh1 d5 17. Ncd2 Bb5 18. Ne1 Rad8 19. exd5 c4 20. dxc4 Bxc4 21. Nxc4
Qxc4 22. fxg6 hxg6 23. d6 Nc8 24. Qf3 Rxd6 25. Qxf4 Qxf4 26. Rxf4 Rd2 27. Rb1
Re8 28. Bf1 Re3 29. Rf3 Re7 30. Rd3 Rxd3 31. Nxd3 Nd6 32. Re1 Rxe1 33. Nxe1 Kf8
34. Bd3 Ke7 35. Kg2 g5 36. Nf3 f6 37. Nd4 Bf8 38. Kf3 Kd7 39. Bf5+ Ke7 40. b3
a6 41. c4 Nxf5 42. gxf5 Kd6 43. Ne6 Be7 44. Ke4 a5 45. c5+ Kc6 46. Kd4 b6 47.
cxb6 Kxb6 48. Kd5 Ba3 49. Nd4 Bb2 50. a4 Ba1 51. Ne6 Bb2 52. Nc5 Kc7 53. Ke6
Kc6 54. Ne4 1-0

[Event "Kieler Open 2014-A"]
[Site "Kiel"]
[Date "2014.08.08"]
[Round "9.17"]
[White "Scepanik, Hans-Jürgen"]
[Black "Quiring, Nikolai"]
[Result "0-1"]
[WhiteElo "1958"]
[BlackElo "2078"]
[PlyCount "70"]
[EventDate "2014.??.??"]
[WhiteTeam "Kieler SG"]
[BlackTeam "Rendsburg"]

1. d4 e6 2. Nf3 f5 3. g3 b6 4. Bg2 Bb7 5. O-O Nf6 6. Bg5 Be7 7. Nc3 O-O 8. Qd2
d6 9. Rad1 Nbd7 10. Rfe1 Ne4 11. Nxe4 fxe4 12. Bxe7 Qxe7 13. Ng5 d5 14. f3 h6
15. Nh3 Nf6 16. Nf2 c5 17. c3 Rad8 18. e3 exf3 19. Bxf3 Ne4 20. Bxe4 dxe4 21.
Ng4 Rf5 22. Qe2 Rdf8 23. Rf1 Kh7 24. Ne5 cxd4 25. cxd4 Bd5 26. b3 Qa3 27. h4
Qe7 28. Qg4 Qe8 29. Rf4 g5 30. hxg5 Rxg5 31. Qh3 Rxf4 32. exf4 Rh5 33. Qg4 e3
34. Nf3 Rh1+ 35. Kxh1 h5 0-1